000 00459nam a22001937a 4500
003 LK-CoDNM
005 20250120113142.0
008 241220b |||||||| |||| 00| 0 eng d
040 _aLK-CoDNM
_dLK-CoDNM
_eLK-CoDNM
041 _aeng
080 _a11
_bW13
100 _aGERICKE,WF
245 _aSoliess,Gadening
260 _c1943
_alondon
_bputman
300 _a285P. : ill ; 25 cm
650 _ascience
700 _aNorris,Roand V
942 _cBK
999 _c236992
_d236992